Birmingham City League Players Since 2014 - Statistics

General Stats
  • This quiz has been taken 82 times
  • The average score is 145 of 308
Answer Stats
% Correct
2023/24 (Championship - 22nd) Wales CM 19 Jordan James 42 8
91%
2022/23 (Championship - 17th) Wales CM 17 Jordan James 33
91%
2021/22 (Championship - 20th) Wales CM 16 Jordan James 20 1
91%
2023/24 (Championship - 22nd) England GK 37 John Ruddy 44
88%
2022/23 (Championship - 17th) England GK 35 John Ruddy 43
88%
2023/24 (Championship - 22nd) Curacao CM 26 Juninho Bacuna 45 7
88%
2022/23 (Championship - 17th) Curacao CM 24 Juninho Bacuna 43 2
88%
2021/22 (Championship - 20th) Curacao CM 23 Juninho Bacuna 17 2
88%
2023/24 (Championship - 22nd) Croatia DM 27 Ivan Sunjic 36 1
85%
2021/22 (Championship - 20th) Croatia DM 24 Ivan Sunjic 41 3
85%
2020/21 (Championship - 18th) Croatia DM 23 Ivan Sunjic 43
85%
2019/20 (Championship - 20th) Croatia DM 22 Ivan Sunjic 40 3
85%
2023/24 (Championship - 22nd) Japan AM 27 Koji Miyoshi 43 6
85%
2023/24 (Championship - 22nd) Poland DM 26 Krystian Bielik 36
85%
2022/23 (Championship - 17th) Poland DM 24 Krystian Bielik 35 1
85%
2016/17 (Championship - 19th) Poland DM 18 Krystian Bielik 10
85%
2023/24 (Championship - 22nd) England CB 33 Marc Roberts 14
85%
2022/23 (Championship - 17th) England CB 31 Marc Roberts 25
85%
2021/22 (Championship - 20th) England CB 30 Marc Roberts 39 2
85%
2020/21 (Championship - 18th) England CB 29 Marc Roberts 36 4
85%
2019/20 (Championship - 20th) England CB 28 Marc Roberts 34 1
85%
2018/19 (Championship - 17th) England CB 27 Marc Roberts 8
85%
2017/18 (Championship - 19th) England CB 26 Marc Roberts 30 1
85%
2023/24 (Championship - 22nd) England ST 21 Jay Stansfield 43 12
82%
2023/24 (Championship - 22nd) Ireland ST 32 Scott Hogan 26 1
82%
2022/23 (Championship - 17th) Ireland ST 30 Scott Hogan 37 10
82%
2021/22 (Championship - 20th) Ireland ST 29 Scott Hogan 36 10
82%
2020/21 (Championship - 18th) Ireland ST 28 Scott Hogan 33 7
82%
2019/20 (Championship - 20th) Ireland ST 27 Scott Hogan 17 7
82%
2022/23 (Championship - 17th) France RB 30 Maxime Colin 44 2
79%
2021/22 (Championship - 20th) France RB 29 Maxime Colin 33 1
79%
2020/21 (Championship - 18th) France RB 28 Maxime Colin 42 1
79%
2019/20 (Championship - 20th) France RB 27 Maxime Colin 44 1
79%
2018/19 (Championship - 17th) France RB 26 Maxime Colin 43
79%
2017/18 (Championship - 19th) France RB 25 Maxime Colin 35 2
79%
2021/22 (Championship - 20th) England CB 20 Mitchell Roberts 1
79%
2023/24 (Championship - 22nd) Philippines GK 34 Neil Etheridge 2
79%
2022/23 (Championship - 17th) Philippines GK 32 Neil Etheridge 4
79%
2021/22 (Championship - 20th) Philippines GK 31 Neil Etheridge 21
79%
2020/21 (Championship - 18th) Philippines GK 30 Neil Etheridge 43
79%
2023/24 (Championship - 22nd) Scotland RW 27 Oliver Burke 21
79%
2023/24 (Championship - 22nd) South Korea CM 27 Paik Seung-ho 18 1
79%
2019/20 (Championship - 20th) Ireland LB 18 Ryan Burke 1
79%
2023/24 (Championship - 22nd) Wales ST 25 Tyler Roberts 17
79%
2017/18 (Championship - 19th) Jamaica ST 33 Clayton Donaldson 4
76%
2016/17 (Championship - 19th) Jamaica ST 32 Clayton Donaldson 23 6
76%
2015/16 (Championship - 10th) Jamaica ST 31 Clayton Donaldson 40 11
76%
2014/15 (Championship - 10th) Jamaica ST 30 Clayton Donaldson 46 15
76%
2018/19 (Championship - 17th) England CM 31 Craig Gardner 21 1
76%
2017/18 (Championship - 19th) England CM 30 Craig Gardner 26 2
76%
2016/17 (Championship - 19th) England CM 29 Craig Gardner 20 2
76%
2022/23 (Championship - 17th) United States CB 23 Auston Trusty 44 4
73%
2018/19 (Championship - 17th) Scotland ST 21 Che Adams 46 22
73%
2017/18 (Championship - 19th) Scotland ST 20 Che Adams 30 5
73%
2016/17 (Championship - 19th) Scotland ST 19 Che Adams 40 7
73%
2023/24 (Championship - 22nd) England CM 31 Gary Gardner 16 1
73%
2022/23 (Championship - 17th) England CM 30 Gary Gardner 8
73%
2021/22 (Championship - 20th) England CM 29 Gary Gardner 35 6
73%
2020/21 (Championship - 18th) England CM 28 Gary Gardner 37 2
73%
2019/20 (Championship - 20th) England CM 27 Gary Gardner 35 4
73%
2018/19 (Championship - 17th) England CM 26 Gary Gardner 40 2
73%
2023/24 (Championship - 22nd) England ST 35 Lukas Jutkiewicz 28 3
73%
2022/23 (Championship - 17th) England ST 33 Lukas Jutkiewicz 43 5
73%
2021/22 (Championship - 20th) England ST 32 Lukas Jutkiewicz 36 2
73%
2020/21 (Championship - 18th) England ST 31 Lukas Jutkiewicz 42 8
73%
2019/20 (Championship - 20th) England ST 30 Lukas Jutkiewicz 46 14
73%
2018/19 (Championship - 17th) England ST 29 Lukas Jutkiewicz 46 14
73%
2017/18 (Championship - 19th) England ST 28 Lukas Jutkiewicz 35 5
73%
2016/17 (Championship - 19th) England ST 27 Lukas Jutkiewicz 37 11
73%
2023/24 (Championship - 22nd) England CB 24 Dion Sanderson 37 1
70%
2022/23 (Championship - 17th) England CB 22 Dion Sanderson 31 2
70%
2021/22 (Championship - 20th) England CB 21 Dion Sanderson 15
70%
2023/24 (Championship - 22nd) Austria CB 23 Emanuel Aiwu 24
70%
2023/24 (Championship - 22nd) England RB 22 Ethan Laird 25
70%
2023/24 (Championship - 22nd) England CM 19 George Hall 8
70%
2022/23 (Championship - 17th) England CM 17 George Hall 30 2
70%
2021/22 (Championship - 20th) England CM 16 George Hall 2
70%
2014/15 (Championship - 10th) England CB 22 Grant Hall 7
70%
2022/23 (Championship - 17th) Tunisia AM 19 Hannibal Mejbri 38 1
70%
2023/24 (Championship - 22nd) England LB 23 Lee Buchanan 32
70%
2015/16 (Championship - 10th) England CM 20 Charlee Adams 2
67%
2023/24 (Championship - 22nd) Ireland CB 33 Kevin Long 17
67%
2022/23 (Championship - 17th) Ireland CB 31 Kevin Long 17 1
67%
2021/22 (Championship - 20th) Denmark LB 26 Kristian Pedersen 37 2
67%
2020/21 (Championship - 18th) Denmark LB 25 Kristian Pedersen 35 2
67%
2019/20 (Championship - 20th) Denmark LB 24 Kristian Pedersen 44 4
67%
2018/19 (Championship - 17th) Denmark LB 23 Kristian Pedersen 39 1
67%
2018/19 (Championship - 17th) England CB 30 Michael Morrison 43 6
67%
2017/18 (Championship - 19th) England CB 29 Michael Morrison 33 1
67%
2016/17 (Championship - 19th) England CB 28 Michael Morrison 31 3
67%
2015/16 (Championship - 10th) England CB 27 Michael Morrison 46 3
67%
2014/15 (Championship - 10th) England CB 26 Michael Morrison 21
67%
2015/16 (Championship - 10th) Scotland RB 27 Paul Caddis 40 4
67%
2014/15 (Championship - 10th) Scotland RB 26 Paul Caddis 45 6
67%
2021/22 (Championship - 20th) Angola LW 28 Jeremie Bela 31 2
64%
2020/21 (Championship - 18th) Angola LW 27 Jeremie Bela 35 3
64%
2019/20 (Championship - 20th) Angola LW 26 Jeremie Bela 30 2
64%
2022/23 (Championship - 17th) England AM 16 Jobe Bellingham 22
64%
2021/22 (Championship - 20th) England AM 15 Jobe Bellingham 2
64%
2019/20 (Championship - 20th) England AM 16 Jude Bellingham 41 4
64%
2019/20 (Championship - 20th) Northern Ireland GK 34 Lee Camp 36
64%
2018/19 (Championship - 17th) Northern Ireland GK 33 Lee Camp 44
64%
2022/23 (Championship - 17th) Netherlands RW 22 Tahith Chong 38 4
64%
2021/22 (Championship - 20th) Netherlands RW 21 Tahith Chong 20 1
64%
2022/23 (Championship - 17th) England CB 30 Harlee Dean 16 1
61%
2021/22 (Championship - 20th) England CB 29 Harlee Dean 15
61%
2020/21 (Championship - 18th) England CB 28 Harlee Dean 43 4
61%
2019/20 (Championship - 20th) England CB 27 Harlee Dean 39 1
61%
2018/19 (Championship - 17th) England CB 26 Harlee Dean 44 1
61%
2017/18 (Championship - 19th) England CB 25 Harlee Dean 34 1
61%
2019/20 (Championship - 20th) DR Congo LM 31 Jacques Maghoma 18 1
61%
2018/19 (Championship - 17th) DR Congo LM 30 Jacques Maghoma 42 6
61%
2017/18 (Championship - 19th) DR Congo LM 29 Jacques Maghoma 41 5
61%
2016/17 (Championship - 19th) DR Congo LM 28 Jacques Maghoma 27 3
61%
2015/16 (Championship - 10th) DR Congo LM 27 Jacques Maghoma 40 5
61%
2020/21 (Championship - 18th) Netherlands DM 30 Maikel Kieftenbeld 10
61%
2019/20 (Championship - 20th) Netherlands DM 29 Maikel Kieftenbeld 8
61%
2018/19 (Championship - 17th) Netherlands DM 28 Maikel Kieftenbeld 36 1
61%
2017/18 (Championship - 19th) Netherlands DM 27 Maikel Kieftenbeld 35
61%
2016/17 (Championship - 19th) Netherlands DM 26 Maikel Kieftenbeld 38 1
61%
2015/16 (Championship - 10th) Netherlands DM 25 Maikel Kieftenbeld 42 3
61%
2015/16 (Championship - 10th) Jamaica LW 19 Demarai Gray 24 1
58%
2014/15 (Championship - 10th) Jamaica LW 18 Demarai Gray 41 6
58%
2023/24 (Championship - 22nd) England LB 23 Emmanuel Longelo 17
58%
2022/23 (Championship - 17th) England LB 21 Emmanuel Longelo 23 1
58%
2021/22 (Championship - 20th) Montserrat ST 31 Lyle Taylor 14 5
58%
2023/24 (Championship - 22nd) Scotland LW 27 Siriki Dembele 33 6
58%
2018/19 (Championship - 17th) Senegal CM 32 Cheikh N'Doye 2
55%
2017/18 (Championship - 19th) Senegal CM 31 Cheikh N'Doye 37
55%
2021/22 (Championship - 20th) England GK 25 Connal Trueman 1
55%
2020/21 (Championship - 18th) England GK 24 Connal Trueman 1
55%
2019/20 (Championship - 20th) England GK 23 Connal Trueman 10
55%
2018/19 (Championship - 17th) England GK 22 Connal Trueman 2
55%
2017/18 (Championship - 19th) Wales RW 29 David Cotterill 7
55%
2016/17 (Championship - 19th) Wales RW 28 David Cotterill 25 1
55%
2015/16 (Championship - 10th) Wales RW 27 David Cotterill 28 4
55%
2014/15 (Championship - 10th) Wales RW 26 David Cotterill 42 9
55%
2019/20 (Championship - 20th) England CM 28 David Davis 15
55%
2018/19 (Championship - 17th) England CM 27 David Davis 11
55%
2017/18 (Championship - 19th) England CM 26 David Davis 38 2
55%
2016/17 (Championship - 19th) England CM 25 David Davis 41 4
55%
2015/16 (Championship - 10th) England CM 24 David Davis 35 1
55%
2014/15 (Championship - 10th) England CM 23 David Davis 42 3
55%
2021/22 (Championship - 20th) Spain RW 28 Ivan Sanchez 2
55%
2020/21 (Championship - 18th) Spain RW 27 Ivan Sanchez 40 2
55%
2016/17 (Championship - 19th) United States CB 30 Jonathan Spector 22
55%
2015/16 (Championship - 10th) United States CB 29 Jonathan Spector 25
55%
2014/15 (Championship - 10th) United States CB 28 Jonathan Spector 24
55%
2021/22 (Championship - 20th) Cuba LW 28 Onel Hernandez 22 3
55%
2022/23 (Championship - 17th) England CM 19 Alfie Chang 13
52%
2014/15 (Championship - 10th) Serbia ST 33 Nikola Zigic 9
52%
2017/18 (Championship - 19th) Ireland CM 28 Stephen Gleeson 5
52%
2016/17 (Championship - 19th) Ireland CM 27 Stephen Gleeson 29 1
52%
2015/16 (Championship - 10th) Ireland CM 26 Stephen Gleeson 44 5
52%
2014/15 (Championship - 10th) Ireland CM 25 Stephen Gleeson 39
52%
2014/15 (Championship - 10th) Ireland GK 27 Darren Randolph 45
48%
2018/19 (Championship - 17th) Spain RW 27 Jota Peleteiro 40 3
48%
2017/18 (Championship - 19th) Spain RW 26 Jota Peleteiro 32 5
48%
2021/22 (Championship - 20th) Montenegro GK 23 Matija Sarkic 23
48%
2023/24 (Championship - 22nd) England RW 17 Romelle Donovan 7
48%
2017/18 (Championship - 19th) Poland GK 35 Tomasz Kuszczak 10
48%
2016/17 (Championship - 19th) Poland GK 34 Tomasz Kuszczak 38
48%
2015/16 (Championship - 10th) Poland GK 33 Tomasz Kuszczak 41
48%
2023/24 (Championship - 22nd) England AM 29 Keshi Anderson 20
45%
2020/21 (Championship - 18th) Spain DM 31 Mikel San Jose 27
45%
2017/18 (Championship - 19th) England CB 29 Jonathan Grounds 26
42%
2016/17 (Championship - 19th) England CB 28 Jonathan Grounds 42 2
42%
2015/16 (Championship - 10th) England CB 27 Jonathan Grounds 45 1
42%
2014/15 (Championship - 10th) England CB 26 Jonathan Grounds 45 1
42%
2020/21 (Championship - 18th) Spain AM 25 Jon Toral 16 2
42%
2015/16 (Championship - 10th) Spain AM 20 Jon Toral 36 8
42%
2017/18 (Championship - 19th) England LB 38 Paul Robinson 2
42%
2016/17 (Championship - 19th) England LB 37 Paul Robinson 22
42%
2015/16 (Championship - 10th) England LB 36 Paul Robinson 25 3
42%
2014/15 (Championship - 10th) England LB 35 Paul Robinson 34
42%
2022/23 (Championship - 17th) Poland LW 24 Przemyslaw Placheta 5 1
42%
2021/22 (Championship - 20th) Australia LW 22 Riley McGree 13 2
42%
2020/21 (Championship - 18th) Australia LW 21 Riley McGree 15 1
42%
2022/23 (Championship - 17th) England ST 34 Troy Deeney 33 7
42%
2021/22 (Championship - 20th) England ST 33 Troy Deeney 21 4
42%
2020/21 (Championship - 18th) Croatia AM 24 Alen Halilovic 17 1
39%
2019/20 (Championship - 20th) Spain ST 28 Alvaro Gimenez 24 3
39%
2023/24 (Championship - 22nd) England RB 22 Cody Drameh 28
39%
2017/18 (Championship - 19th) Equatorial Guinea ST 27 Emilio Nsue 18
39%
2016/17 (Championship - 19th) Equatorial Guinea ST 26 Emilio Nsue 18 1
39%
2022/23 (Championship - 17th) England LB 34 George Friend 6
39%
2021/22 (Championship - 20th) England LB 33 George Friend 14
39%
2020/21 (Championship - 18th) England LB 32 George Friend 26
39%
2019/20 (Championship - 20th) Albania CB 19 Geraldo Bajrami 2
39%
2022/23 (Championship - 17th) England RB 19 Josh Williams 7
39%
2019/20 (Championship - 20th) Jamaica RB 22 Wes Harding 15
39%
2018/19 (Championship - 17th) Jamaica RB 21 Wes Harding 27
39%
2017/18 (Championship - 19th) Jamaica RB 20 Wes Harding 9
39%
2023/24 (Championship - 22nd) England CM 19 Brandon Khela 1
36%
2019/20 (Championship - 20th) Spain AM 21 Fran Villalba 17 1
36%
2015/16 (Championship - 10th) Denmark ST 22 Nicolai Brock-Madsen 6
36%
2018/19 (Championship - 17th) Nigeria RW 22 Viv Solomon-Otabor 8 1
36%
2016/17 (Championship - 19th) Nigeria RW 20 Viv Solomon-Otabor 3
36%
2015/16 (Championship - 10th) Nigeria RW 19 Viv Solomon-Otabor 22 1
36%
2023/24 (Championship - 22nd) England AM 31 Alex Pritchard 9
33%
2017/18 (Championship - 19th) Mali LB 21 Cheick Keita 1
33%
2016/17 (Championship - 19th) Mali LB 20 Cheick Keita 10
33%
2017/18 (Championship - 19th) England GK 31 David Stockdale 36
33%
2019/20 (Championship - 20th) Ecuador LW 29 Jefferson Montero 14
33%
2017/18 (Championship - 19th) Ivory Coast LW 20 Jeremie Boga 31 2
33%
2016/17 (Championship - 19th) Turkey LW 22 Kerim Frei 13 1
33%
2017/18 (Championship - 19th) England CB 28 Ryan Shotton 1
33%
2016/17 (Championship - 19th) England CB 27 Ryan Shotton 43 2
33%
2015/16 (Championship - 10th) England CB 26 Ryan Shotton 9 1
33%
2019/20 (Championship - 20th) Sweden AM 25 Kerim Mrabti 15 2
30%
2018/19 (Championship - 17th) Sweden AM 24 Kerim Mrabti 12 1
30%
2021/22 (Championship - 20th) Montserrat CB 19 Nico Gordon 11 1
30%
2020/21 (Championship - 18th) Montserrat CB 18 Nico Gordon 2
30%
2019/20 (Championship - 20th) Montserrat CB 17 Nico Gordon 2
30%
2016/17 (Championship - 19th) Germany CM 29 Robert Tesche 24
30%
2014/15 (Championship - 10th) Germany CM 27 Robert Tesche 12 2
30%
2021/22 (Championship - 20th) England GK 20 Zach Jeacock 2
30%
2020/21 (Championship - 18th) England GK 19 Zach Jeacock 2
30%
2023/24 (Championship - 22nd) England RB 21 Marcel Oakley 2
27%
2021/22 (Championship - 20th) England RB 18 Marcel Oakley 2
27%
2022/23 (Championship - 17th) England ST 25 Sam Cosgrove 2
27%
2020/21 (Championship - 18th) England ST 23 Sam Cosgrove 12
27%
2014/15 (Championship - 10th) England ST 27 Wes Thomas 33 4
27%
2014/15 (Championship - 10th) Canada CB 27 David Edgar 16 1
24%
2022/23 (Championship - 17th) England RW 23 Jonathan Leko 8
24%
2021/22 (Championship - 20th) England RW 22 Jonathan Leko 4
24%
2020/21 (Championship - 18th) England RW 21 Jonathan Leko 34
24%
2014/15 (Championship - 10th) United States CB 21 Will Packwood 1
24%
2019/20 (Championship - 20th) Spain CM 24 Agus Medina 1
21%
2015/16 (Championship - 10th) Scotland AM 25 Andrew Shinnie 14
21%
2014/15 (Championship - 10th) Scotland AM 24 Andrew Shinnie 27 2
21%
2014/15 (Championship - 10th) Ireland CM 20 Callum Reilly 17 1
21%
2020/21 (Championship - 18th) Northern Ireland CM 20 Caolan Boyd-Munce 1
21%
2019/20 (Championship - 20th) Northern Ireland CM 19 Caolan Boyd-Munce 6
21%
2016/17 (Championship - 19th) Italy LW 25 Diego Fabbrini 7
21%
2015/16 (Championship - 10th) Italy LW 24 Diego Fabbrini 14
21%
2014/15 (Championship - 10th) Italy LW 23 Diego Fabbrini 5
21%
2016/17 (Championship - 19th) Scotland ST 26 Greg Stewart 21
21%
2018/19 (Championship - 17th) England ST 24 Omar Bogle 15 1
21%
2022/23 (Championship - 17th) Germany AM 20 Reda Khadra 14 3
21%
2020/21 (Championship - 18th) England CM 31 Adam Clayton 14
18%
2016/17 (Championship - 19th) England GK 29 Adam Legzdins 10
18%
2015/16 (Championship - 10th) England GK 28 Adam Legzdins 5
18%
2014/15 (Championship - 10th) Ireland GK 29 Colin Doyle 1
18%
2020/21 (Championship - 18th) England CB 22 Jake Clarke-Salter 10
18%
2019/20 (Championship - 20th) England CB 21 Jake Clarke-Salter 19 1
18%
2015/16 (Championship - 10th) Northern Ireland ST 27 Kyle Lafferty 6 1
18%
2015/16 (Championship - 10th) Wales RB 26 Neal Eardley 5
18%
2014/15 (Championship - 10th) Wales RB 25 Neal Eardley 4
18%
2019/20 (Championship - 20th) England AM 19 Odin Bailey 6 1
18%
2016/17 (Championship - 19th) England CM 20 Reece Brown 8
18%
2015/16 (Championship - 10th) England CM 19 Reece Brown 1
18%
2014/15 (Championship - 10th) England CM 18 Reece Brown 1
18%
2017/18 (Championship - 19th) England ST 21 Sam Gallagher 33 6
18%
2023/24 (Championship - 22nd) England CM 25 Andre Dozzell 10 1
15%
2014/15 (Championship - 10th) United States LM 24 Brek Shea 6
15%
2017/18 (Championship - 19th) England RB 25 Carl Jenkinson 7
15%
2018/19 (Championship - 17th) England CM 19 Charlie Lakin 10
15%
2021/22 (Championship - 20th) England ST 27 Chuks Aneke 18 2
15%
2018/19 (Championship - 17th) England RW 21 Connor Mahoney 30 2
15%
2020/21 (Championship - 18th) England RB 24 Josh Dacres-Cogley 5
15%
2018/19 (Championship - 17th) England RB 22 Josh Dacres-Cogley 1
15%
2017/18 (Championship - 19th) England RB 21 Josh Dacres-Cogley 3
15%
2016/17 (Championship - 19th) England RB 20 Josh Dacres-Cogley 14
15%
2014/15 (Championship - 10th) Ghana AM 18 Koby Arthur 9
15%
2022/23 (Championship - 17th) Wales DM 21 Ryan Stirk 1
15%
2020/21 (Championship - 18th) Wales DM 19 Ryan Stirk 2
15%
2022/23 (Championship - 17th) England DM 28 Ryan Woods 2
15%
2021/22 (Championship - 20th) England DM 27 Ryan Woods 30
15%
2021/22 (Championship - 20th) England CB 19 Teden Mengi 9
15%
2018/19 (Championship - 17th) DR Congo LW 20 Bez Lubala 3
12%
2017/18 (Championship - 19th) DR Congo LW 19 Bez Lubala 1
12%
2017/18 (Championship - 19th) England LB 21 Cohen Bramall 5
12%
2020/21 (Championship - 18th) England AM 22 Dan Crowley 3
12%
2019/20 (Championship - 20th) England AM 21 Dan Crowley 38 1
12%
2018/19 (Championship - 17th) England ST 24 Isaac Vassell 14
12%
2017/18 (Championship - 19th) England ST 23 Isaac Vassell 9 1
12%
2016/17 (Championship - 19th) England SS 18 Jack Storer 4
12%
2017/18 (Championship - 19th) England DM 25 Jason Lowe 9
12%
2021/22 (Championship - 20th) Netherlands LB 21 Juan Castillo 3
12%
2014/15 (Championship - 10th) England ST 25 Lee Novak 21 1
12%
2020/21 (Championship - 18th) England LB 22 Steve Seddon 7
12%
2019/20 (Championship - 20th) England LB 21 Steve Seddon 4
12%
2020/21 (Championship - 18th) Tunisia RB 21 Yan Valery 7
12%
2020/21 (Championship - 18th) England LW 17 Amari Miller 5
9%
2016/17 (Championship - 19th) Ireland RB 18 Corey O'Keeffe 1
9%
2014/15 (Championship - 10th) Scotland ST 19 Denny Johnstone 2
9%
2022/23 (Championship - 17th) England RW 27 Jordan Graham 25
9%
2021/22 (Championship - 20th) England RW 26 Jordan Graham 24
9%
2014/15 (Championship - 10th) England CM 28 Mark Duffy 4
9%
2021/22 (Championship - 20th) England CM 20 Taylor Richards 6
9%
2020/21 (Championship - 18th) England ST 17 Adan George 1
6%
2015/16 (Championship - 10th) England ST 26 James Vaughan 15
6%
2019/20 (Championship - 20th) England CM 26 Josh McEachran 8
6%
2020/21 (Championship - 18th) England CM 20 Rekeem Harper 18
6%
2016/17 (Championship - 19th) Wales LB 28 Rhoys Wiggins 2
6%
2015/16 (Championship - 10th) Australia CB 26 Shane Lowry 1
6%
2022/23 (Championship - 17th) England DM 20 Tate Campbell 1
6%
2015/16 (Championship - 10th) England RW 25 Will Buckley 10 1
6%
2015/16 (Championship - 10th) England CB 30 Greg Halford 3
3%
2014/15 (Championship - 10th) France DM 29 Guy Moussi 2
3%
2019/20 (Championship - 20th) England WL 18 Jayden Reid 4
3%
2016/17 (Championship - 19th) England ST 19 Jerome Sinclair 5
3%
2017/18 (Championship - 19th) England CM 19 Liam Walsh 3
3%
2019/20 (Championship - 20th) Spain LW 18 Miguel Fernandez 1
3%
2014/15 (Championship - 10th) Ireland CB 23 Rob Kiernan 12 1
3%
2020/21 (Championship - 18th) England ST 19 Keyendrah Simmonds 1
0%
2014/15 (Championship - 10th) England LM 31 Lloyd Dyer 18 1
0%
No matching quizzes found
Score Distribution
Percent of People with Each Score
Percentile by Number Answered
Your Score History
You have not taken this quiz